NFL Players on the 2004 best recruits list - Statistics

General Stats
  • This quiz has been taken 9 times
  • The average score is 4 of 19
Answer Stats
Hint Answer % Correct
Vikings RB Adrian Peterson
100%
Lions WR Calvin Johnson
89%
Seahawks RB Marshawn Lynch
67%
Texans RB Arian Foster
44%
Browns FB Peyton Hillis
33%
Giants RB Ahmad Bradshaw
11%
Texans QB Brian Hoyer
11%
Patriots LB Jerod Mayo
11%
Patriots DE Alan Branch
0%
Falcons C Alex Mack
0%
Cardinals C A.Q. Shipley
0%
Redskins LB Brian Orakpo
0%
Cardinals DE Calais Campbell
0%
Dolphins QB Chad Henne
0%
Steelers LB Lawrence Timmons
0%
Dolphins QB Pat White
0%
Steelers OG Ramon Foster
0%
Saints WR Ted Ginn
0%
Jets DE Vernon Gholston
0%
No matching quizzes found
Score Distribution
Percent of People with Each Score
Percentile by Number Answered
Your Score History
You have not taken this quiz